| 000 | 00527nam a22001697a 4500 | ||
|---|---|---|---|
| 003 | OSt | ||
| 005 | 20260120105154.0 | ||
| 008 | 260120b |||||||| |||| 00| 0 eng d | ||
| 040 | _cMRSPTU | ||
| 041 | _aENG | ||
| 100 | _aVirpal Kaur, Supervisor: Dr. Paramjeet Singh | ||
| 245 | _aImproving S-Mprp Algorithm For Enhancing the Performance of Manet | ||
| 260 |
_bDepartment of CSE, MRSPTU, Bathinda _c2020 |
||
| 650 | _aComputer Science | ||
| 856 | _uhttp://163.47.215.52:8080/jspui/handle/123456789/161 | ||
| 942 |
_2ddc _cTH _n0 |
||
| 999 |
_c10695 _d10695 |
||